000 00289nam a22001217a 4500
008 180922b xxu||||| |||| 00| 0 eng d
041 _aeng
080 _a611
100 _a7
101 _aANA
245 _aNetter's Concise of Alas of Orthopaedic Anatomy
_cThompson, J.C
942 _2udc
_cBK
999 _c48291
_d48291